000 00260 a2200073 4500
245 0 _aOpticeskaja obrabotka izobrazenij :
_bsborniknaucnych statej /
_cGurevic S.B., Gavrilov G.A..
710 2 _aNauka.
_eWydawca
_4pbl
260 _aLeningrad :
_bNauka,
_c1985.
300 _a144 s.:
_bil.;
_c21 cm.
999 _c9953
_d9953